[Event "Sao Paulo Hebraica op 33rd"]
[Site "Sao Paulo"]
[Date "2024.06.28"]
[Round "2"]
[White "Franca, Melissa Oberst Reno"]
[Black "Muniz, Henrique Rocha"]
[Result "0-1"]
[WhiteElo "1800"]
[BlackElo "1617"]
[PlyCount "72"]
[EventDate "2024.06.28"]
[EventType "swiss"]
[EventRounds "6"]
[EventCountry "BRA"]
[SourceTitle "CBM 221 Extra"]
[Source "ChessBase"]
[SourceDate "2024.09.30"]
[SourceVersion "1"]
[SourceVersionDate "2024.09.30"]
[SourceQuality "1"]

1. d4 d6 2. Bf4 Nd7 3. Nf3 Ngf6 4. e3 c5 5. c3 Qb6 6. Qb3 Qxb3 7. axb3 Nd5 8. Bg3 g6 9. Bc4 N5b6 10. Nbd2 Bg7 11. Bb5 a6 12. Ba4 Nxa4 13. bxa4 b6 14. 0-0 Bb7 15. Rfe1 0-0 16. a5 b5 17. Rac1 Rac8 18. b4 c4 19. e4 e5 20. d5 f5 21. Red1 Nb8 22. h3 Rf7 23. Ng5 Rf6 24. Bh4 h6 25. Ne6 g5 26. Nxg7 Kxg7 27. Bg3 f4 28. Bh2 Rcf8 29. Rf1 Bc8 30. f3 h5 31. Kf2 g4 32. hxg4 hxg4 33. g3 gxf3 34. Kxf3 fxg3+ 35. Kxg3 Rg6+ 36. Kh4 Rh8# 0-1